Music Quiz

Random Music or Album Quiz

All the Pink Floyd Songs (up to 1985) Quiz Stats

Quiz not verified by Sporcle

Challenge
Share
Tweet
Embed
Score 0/129 Timer 15:00
0 Plays Today
Album Song % Correct
Wish You Were HereWish You Were Here
93.3%
The Dark Side Of The MoonMoney
93.1%
The Dark Side Of The MoonTime
91%
The WallAnother Brick In The Wall Part 1
90.9%
The WallAnother Brick In The Wall Part 2
90.9%
The WallAnother Brick In The Wall Part 3
90.9%
AnimalsPigs (Three Different Ones)
89%
Wish You Were HereShine On You Crazy Diamond (Parts I-V)
88.9%
Wish You Were HereShine On You Crazy Diamond (Parts VI-IX)
88.9%
AnimalsDogs
87.6%
The Wall Comfortably Numb
86.7%
The Dark Side Of The MoonEclipse
86.6%
Wish You Were HereHave A Cigar
86.6%
The Dark Side Of The MoonBreathe
86.4%
Wish You Were HereWelcome To The Machine
85.8%
AnimalsSheep
85.3%
The Dark Side Of The MoonBrain Damage
84.8%
The Dark Side Of The MoonUs And Them
84.5%
The Dark Side Of The MoonThe Great Gig In The Sky
82.7%
The WallMother
81.6%
MeddleEchoes
81.1%
AnimalsPigs On The Wing 1
78.6%
AnimalsPigs On The Wing 2
78.6%
The Dark Side Of The MoonAny Colour You Like
77.6%
The Wall Hey You
77.4%
Atom Heart MotherAtom Heart Mother
76.9%
The Dark Side Of The MoonOn The Run
76.4%
The Wall The Trial
75.4%
The Dark Side Of The MoonSpeak To Me
74.1%
The WallIn The Flesh?
73.4%
The Wall In The Flesh
73.4%
Piper At The Gates Of DawnBike
72.7%
The Wall Run Like Hell
72.6%
non-album singlesSee Emily Play
71.8%
The Wall Vera
69.2%
The WallThe Thin Ice
68.4%
The WallYoung Lust
68.3%
MeddleOne Of These Days
68.2%
The WallGoodbye Blue Sky
67.7%
A Saucerful Of SecretsA Saucerful Of Secrets
67.6%
UmmagummaA Saucerful Of Secrets
67.6%
Piper At The Gates Of DawnAstronomy Domine
67.6%
UmmagummaAstronomy Domine
67.6%
Album Song % Correct
The Wall Outside The Wall
67.4%
MeddleSeamus
63.4%
A Saucerful Of SecretsSet The Controls For The Heart Of The Sun
63.1%
UmmagummaSet The Controls For The Heart Of The Sun
63.1%
The Wall Bring The Boys Back Home
63.1%
The Wall Waiting For The Worms
62.7%
The WallGoodbye Cruel World
62.5%
non-album singlesArnold Layne
62.2%
The Wall Is There Anybody Out There?
62.1%
Obscured By CloudsObscured By Clouds
61.8%
The WallThe Happiest Days Of Our Lives
61.8%
UmmagummaCareful With That Axe, Eugene
61.1%
MeddleSan Tropez
59.5%
Piper At The Gates Of DawnInterstellar Overdrive
59.3%
The Final CutThe Final Cut
58.6%
MeddleFearless
58.2%
The Wall Stop
58.1%
The WallOne Of My Turns
57.9%
Atom Heart MotherIf
57.3%
The WallEmpty Spaces
56.9%
Atom Heart MotherFat Old Sun
56.4%
Atom Heart MotherAlan's Psychedelic Breakfast
56.2%
Piper At The Gates Of DawnThe Gnome
54.8%
The Wall Nobody Home
54.2%
MeddleA Pillow Of WInds
53.3%
Piper At The Gates Of DawnLucifer Sam
53.2%
The Wall The Show Must Go On
51.3%
Atom Heart MotherSummer '68
50.4%
A Saucerful Of SecretsJugband Blues
49.7%
A Saucerful Of SecretsCorporal Clegg
49.3%
The WallDon't Leave Me Now
49.2%
Piper At The Gates Of DawnScarecrow
48.9%
The Final CutNot Now John
48.8%
Soundtrack from the film MoreThe Nile Song
48.1%
The Final CutThe Fletcher Memorial Home
46.9%
Piper At The Gates Of DawnMatilda Mother
46.2%
Obscured By CloudsFree Four
45.9%
Piper At The Gates Of DawnPow R. Toc H.
45.2%
A Saucerful Of SecretsLet There Be More Light
45.1%
Obscured By CloudsWot's...Uh The Deal?
44.4%
Piper At The Gates Of DawnChapter 24
43.2%
The Final CutThe Gunner's Dream
42.1%
non-album singlesApples And Oranges
42%
Album Song % Correct
The Final CutTwo Suns In The Sunset
41.8%
UmmagummaSeveral Species of Small Furry Animals Gathered Together in a Cave and Grooving with a Pict
41.8%
A Saucerful Of SecretsRemember A Day
41.5%
Piper At The Gates Of DawnTake Up Thy Stethoscope And Walk
41.4%
Piper At The Gates Of DawnFlaming
40.3%
Obscured By CloudsThe Gold It's In The...
40.2%
A Saucerful Of SecretsSee-Saw
39.2%
Soundtrack from the film MoreCymbaline
39.2%
Soundtrack from the film MoreGreen Is The Colour
38.9%
Obscured By CloudsMudmen
38.8%
UmmagummaGrantchester Meadows
38.7%
UmmagummaThe Narrow Way (parts 1-3)
38%
Obscured By CloudsChildhood's End
38%
UmmagummaSysyphus (parts 1-4)
38%
The Final CutThe Post War Dream
37.7%
Obscured By CloudsStay
37.4%
UmmagummaThe Grand Vizier's Garden Party (parts 1-3)
37.2%
Soundtrack from the film MoreCirrus Minor
35.8%
Obscured By CloudsBurning Bridges
35.3%
The Final CutSouthampton Dock
35.3%
Obscured By CloudsAbsolutely Curtains
35.1%
non-album singlesPaintbox
34.7%
The Final CutGet Your Filthy Hands Off My Desert
34.7%
non-album singlesJulia Dream
33.3%
The Final CutYour Possible Pasts
32.4%
Soundtrack from the film MoreIbiza Bar
32.2%
Obscured By CloudsWhen You're In
31.8%
Soundtrack from the film MoreMain Theme
31.8%
non-album singlesCandy And A Currant Bun
31.7%
non-album singlesPoint Me At The Sky
30.9%
The Final CutParanoid Eyes
30.8%
Soundtrack from the film MoreUp The Khyber
30.1%
Soundtrack from the film MoreA Spanish Piece
29.9%
The Final CutThe Hero's Return
29.7%
The Final CutOne Of The Few
29.5%
Soundtrack from the film MoreCrying Song
29.1%
Bonus AnswersEmbryo (Works)
28.8%
Soundtrack from the film MoreQuicksilver
28.1%
Soundtrack from the film MoreMore Blues
27%
Soundtrack from the film MoreDramatic Theme
26.7%
Soundtrack from the film MoreParty Sequence
25.7%
Bonus AnswersBiding My Time (Relics)
25.7%
non-album singlesIt Would Be So Nice
23.8%

You're not logged in!

Compare scores with friends on all Sporcle quizzes.
Join for Free
OR
Log In

You Might Also Like...

Show Comments

Extras

Top Quizzes Today


Score Distribution

Your Account Isn't Verified!

In order to create a playlist on Sporcle, you need to verify the email address you used during registration. Go to your Sporcle Settings to finish the process.

Report this User

Report this user for behavior that violates our Community Guidelines.

Details: